|
|
|
|
| LEADER |
01292nam a2200325 a 4500 |
| 001 |
10114 |
| 003 |
BD-DhAAL |
| 008 |
231206t2003 bg ab s f000 0 eng d |
| 010 |
|
|
|a 2003328041
|
| 020 |
|
|
|a 9845085016
|
| 025 |
|
|
|a B-E-2003-328041; 23
|
| 035 |
|
|
|a (DLC) 2003328041
|
| 037 |
|
|
|b Library of Congress -- New Delhi Overseas Office
|c Tk600.00 ($75.00 U.S.)
|
| 040 |
|
|
|a DLC
|c DLC
|d BD-DhAAL
|
| 042 |
|
|
|a lcode
|
| 043 |
|
|
|a a-bg---
|
| 050 |
0 |
0 |
|a HA4590.6
|b .A4 2001b
|
| 082 |
|
|
|a 304.6095492
|
| 245 |
0 |
0 |
|a Population census, 2001 :
|b national report : provisional.
|
| 260 |
|
|
|a Dhaka :
|b Bangladesh Bureau of Statistics, Planning Division, Ministry of Planning, Govt. of the People's Republic of Bangladesh,
|c 2003.
|
| 300 |
|
|
|a xx, 730 pages :
|b color illustrations (color maps (1 folded) ;
|c 29 cm.
|
| 500 |
|
|
|a Chiefly statistical tables.
|
| 541 |
|
|
|e 10114
|
| 651 |
|
0 |
|a Bangladesh
|x Population
|v Statistics.
|
| 651 |
|
0 |
|a Bangladesh
|v Census, 2001.
|9 55808
|
| 710 |
1 |
|
|a Bangladesh
|b Parisankhan Bureau
|9 55809
|
| 852 |
|
|
|a Ayesha Abed Library
|c Reference Section
|
| 942 |
|
|
|2 ddc
|c BK
|
| 999 |
|
|
|c 46247
|d 46247
|
| 952 |
|
|
|0 0
|1 0
|2 ddc
|4 0
|6 304_609549200000000_POP
|7 1
|8 RPT
|9 74850
|a BRACUL
|b BRACUL
|c REF
|d 2023-12-06
|g 600.00
|l 0
|o 304.6095492 POP
|p 3010010114
|r 2023-12-06
|t 1
|w 2023-12-06
|y BK
|